Islandia - prawda czy fałsz? - Statystyki

Ogólne statystyki
  • Ten quiz został rozwiązany 3 445 razy
  • Średni wynik to 11 z 15
Statystyki odpowiedzi
Zagadnienie Odpowiedź % Poprawnych
Na Islandii można zobaczyć zorzę polarną Prawda
96%
Islandia jest terytorium autonomicznym należącym do Danii Fałsz
95%
Islandia posiada aktywne wulkany Prawda
93%
Prawie 100% energii elektrycznej produkowanej w Islandii pochodzi ze źródeł odnawialnych Prawda
90%
Islandia uważana jest za państwo nordyckie Prawda
87%
ABBA pochodzi z Islandii Fałsz
82%
Islandia ma zero rodzimych gatunków węży Prawda
79%
Duży procent Islandii pokrywają lasy Fałsz
74%
Na Islandii tak naprawdę nie ma lodowców Fałsz
68%
Islandia używa Euro Fałsz
60%
Islandia była pierwotnie zamieszkana przez lud Eskimosów Fałsz
57%
Islandia pozwala ludziom polować na wieloryby Prawda
55%
Narodowym sportem Islandii jest hokej na lodzie Fałsz
52%
Islandia ma najniższą średnią temperaturę ze wszystkich państw europejskich Fałsz
38%
Islandia ma najstarszy zachowany parlament ze wszystkich państw na świecie Prawda
38%
Nie znaleziono quizów pasujących do podanych kryteriów
Rozkład punktacji
Procent ludzi z każdym wynikiem
Percentyl według liczby udzielonych odpowiedzi
Twoja historia wyników
Nie rozwiązałeś tego quizu